[Event "BL2-Sued 9596"]
[Site "Germany"]
[Date "1996.??.??"]
[Round "?.2"]
[White "Klebel, Martin"]
[Black "Stobik, Dietrich"]
[Result "1-0"]
[WhiteElo "2395"]
[BlackElo "2285"]
[PlyCount "45"]
[EventDate "1995.10.??"]
[EventType "team-tourn"]
[EventRounds "9"]
[EventCountry "GER"]
[SourceTitle "GER-chT2"]
[Source "ChessBase"]
[SourceDate "1999.07.01"]
[SourceVersion "1"]
[SourceVersionDate "1999.07.01"]
[SourceQuality "1"]
[WhiteTeam "Goeggingen"]
[BlackTeam "Stuttgart"]
[WhiteTeamCountry "GER"]
[BlackTeamCountry "GER"]

1. d4 Nf6 2. Nf3 e6 3. c4 Bb4+ 4. Nbd2 Nc6 5. a3 Be7 6. b4 d5 7. e3 0-0 8. Bd3 Re8 9. Qc2 Bf8 10. b5 dxc4 11. Nxc4 Nb8 12. Nce5 Nbd7 13. Ng5 Nxe5 14. Bxh7+ Kh8 15. dxe5 Qe7 16. exf6 Qxf6 17. Bg8 Bb4+ 18. axb4 Kxg8 19. Qh7+ Kf8 20. Qh5 Qc3+ 21. Ke2 Qc4+ 22. Kf3 e5 23. e4 1-0

[Event "BL2-Sued 9596"]
[Site "Germany"]
[Date "1996.??.??"]
[Round "?.2"]
[White "Siepelt, Heiner"]
[Black "Stobik, Dietrich"]
[Result "1-0"]
[WhiteElo "2370"]
[BlackElo "2285"]
[PlyCount "153"]
[EventDate "1995.10.??"]
[EventType "team-tourn"]
[EventRounds "9"]
[EventCountry "GER"]
[SourceTitle "GER-chT2"]
[Source "ChessBase"]
[SourceDate "1999.07.01"]
[SourceVersion "1"]
[SourceVersionDate "1999.07.01"]
[SourceQuality "1"]
[WhiteTeam "Wuerzburg"]
[BlackTeam "Stuttgart"]
[WhiteTeamCountry "GER"]
[BlackTeamCountry "GER"]

1. e4 e5 2. Nf3 Nc6 3. Bb5 a6 4. Ba4 Nf6 5. 0-0 Be7 6. Re1 d6 7. Bxc6+ bxc6 8. d4 exd4 9. Nxd4 Bd7 10. Nc3 0-0 11. h3 Rb8 12. Qf3 c5 13. Nf5 Bxf5 14. Qxf5 Qd7 15. Nd5 Qd8 16. Nxe7+ Qxe7 17. b3 Nd7 18. Bb2 Qe6 19. Qf3 Rfe8 20. Bc3 Qg6 21. Qd3 Ne5 22. Qe2 Nd7 23. Qxa6 Nf8 24. Re3 Qe6 25. Qe2 f6 26. a4 Ng6 27. a5 Ne5 28. Ra4 c6 29. Bxe5 fxe5 30. a6 Ra8 31. Rc3 Re7 32. b4 cxb4 33. Rxc6 b3 34. cxb3 Qxb3 35. Qa2 Qxa2 36. Rxa2 Rd7 37. Ra5 Kf8 38. Kf1 Ke7 39. Ke2 Rb8 40. Kd3 Ra7 41. Rd5 Rb2 42. Rcxd6 Rxf2 43. Rb6 Rxg2 44. Rxe5+ Kf7 45. Rf5+ Ke7 46. Re5+ Kf7 47. h4 Ra2 48. Ree6 Rd7+ 49. Rbd6 Rxa6 50. Rxd7+ Kxe6 51. Rxg7 Ke5 52. Re7+ Kf4 53. Rf7+ Ke5 54. Rf5+ Ke6 55. Rh5 Ra3+ 56. Kd4 Ra4+ 57. Ke3 Ra3+ 58. Kf4 Kf6 59. Rxh7 Rh3 60. Rh6+ Kg7 61. Rh5 Rh1 62. Rg5+ Kh6 63. Rg4 Kh5 64. Kf5 Re1 65. Rf4 Kh6 66. Kf6 Kh7 67. Rg4 Re2 68. e5 Rf2+ 69. Ke7 Ra2 70. e6 Re2 71. Kf7 Rf2+ 72. Ke8 Rf1 73. e7 Rd1 74. Kf7 Rf1+ 75. Ke6 Re1+ 76. Kd6 Re2 77. Rd4 1-0

[Event "BL2-Sued 9596"]
[Site "Germany"]
[Date "1996.??.??"]
[Round "?.2"]
[White "Steinbacher, Matthias"]
[Black "Stobik, Dietrich"]
[Result "1-0"]
[WhiteElo "2335"]
[BlackElo "2285"]
[PlyCount "75"]
[EventDate "1995.10.??"]
[EventType "team-tourn"]
[EventRounds "9"]
[EventCountry "GER"]
[SourceTitle "GER-chT2"]
[Source "ChessBase"]
[SourceDate "1999.07.01"]
[SourceVersion "1"]
[SourceVersionDate "1999.07.01"]
[SourceQuality "1"]
[WhiteTeam "Heidelberg"]
[BlackTeam "Stuttgart"]
[WhiteTeamCountry "GER"]
[BlackTeamCountry "GER"]

1. e4 c6 2. d4 g6 3. c4 Bg7 4. Nc3 d6 5. Nf3 a6 6. h3 Nd7 7. Be3 Ngf6 8. Qc2 0-0 9. Be2 b5 10. c5 Qc7 11. 0-0 dxc5 12. dxc5 Nh5 13. Nd4 e5 14. Nb3 Nf4 15. Bf3 Re8 16. a4 Rb8 17. axb5 axb5 18. Na2 Ne6 19. Nb4 Nd4 20. Bxd4 exd4 21. Rfd1 Ne5 22. Nxd4 Bb7 23. Be2 Ra8 24. Rxa8 Rxa8 25. Nf3 Ra4 26. Qd2 Bf6 27. b3 Ra3 28. Nd4 Ra8 29. f4 Nd7 30. Ne6 fxe6 31. Qxd7 Qxf4 32. Qxe6+ Kh8 33. Bf3 Be5 34. Nd3 Qh2+ 35. Kf1 Qh1+ 36. Ke2 Bd4 37. Rxh1 Ra2+ 38. Kd1 1-0

[Event "BL2-Sued 9596"]
[Site "Germany"]
[Date "1996.??.??"]
[Round "?.2"]
[White "Stobik, Dietrich"]
[Black "Petrosian, Karen"]
[Result "1/2-1/2"]
[WhiteElo "2285"]
[BlackElo "2400"]
[PlyCount "172"]
[EventDate "1995.10.??"]
[EventType "team-tourn"]
[EventRounds "9"]
[EventCountry "GER"]
[SourceTitle "GER-chT2"]
[Source "ChessBase"]
[SourceDate "1999.07.01"]
[SourceVersion "1"]
[SourceVersionDate "1999.07.01"]
[SourceQuality "1"]
[WhiteTeam "Stuttgart"]
[BlackTeam "Sindelfingen"]
[WhiteTeamCountry "GER"]
[BlackTeamCountry "GER"]

1. Nf3 Nf6 2. c4 c6 3. g3 g6 4. Bg2 Bg7 5. 0-0 0-0 6. Nc3 Re8 7. d4 d6 8. e4 Nfd7 9. Bg5 Qb6 10. Qc2 a5 11. Rfd1 Nf8 12. h3 Nbd7 13. Rac1 Qc7 14. a3 Nf6 15. b4 axb4 16. axb4 h6 17. Be3 g5 18. e5 N6h7 19. Qe4 Bd7 20. b5 f5 21. exf6 exf6 22. Qd3 f5 23. bxc6 bxc6 24. Ra1 Rxa1 25. Rxa1 Nf6 26. Nd2 Ng6 27. f3 Rb8 28. Rb1 Ra8 29. Ne2 d5 30. Nb3 Re8 31. Nc5 Bc8 32. Bf2 h5 33. Nc3 h4 34. cxd5 hxg3 35. Be3 Nxd5 36. Nxd5 cxd5 37. Bxg5 Nf4 38. Bxf4 Qxf4 39. Rd1 Kh8 40. Kh1 Qh6 41. f4 Qxf4 42. Bxd5 Qh4 43. Kg2 f4 44. Rh1 Qg5 45. Bf3 Re3 46. Qd2 Rxf3 47. Kxf3 Qh5+ 48. Ke4 Qf5+ 49. Kf3 Qh5+ 50. Ke4 Bf5+ 51. Kd5 Bd3+ 52. Kc6 Qg6+ 53. Kc7 Qf7+ 54. Kb6 Qf6+ 55. Kc7 Qe7+ 56. Kb6 Bxd4 57. Qxd3 Qxc5+ 58. Kb7 Qb6+ 59. Kc8 Qc6+ 60. Kb8 Be5+ 61. Ka7 Qxh1 62. Qd8+ Kh7 63. Qe7+ Kg6 64. Qe6+ Bf6 65. Qg4+ Kh7 66. Qf5+ Kg7 67. Qg4+ Kf8 68. Qc8+ Ke7 69. Qc5+ Ke6 70. Qc8+ Ke7 71. Qc7+ Ke6 72. Qc8+ Kd6 73. Qf8+ Ke5 74. Qb8+ Kd4 75. Qxf4+ Kc5 76. Qc7+ Kb5 77. Qb8+ Ka5 78. Qc7+ Ka4 79. Qf4+ Kb5 80. Qb8+ Kc4 81. Qc7+ Kd4 82. Qf4+ Qe4 83. Qxg3 Qe7+ 84. Ka6 Qe6+ 85. Kb7 Qd5+ 86. Ka6 Qc6+ 1/2-1/2

[Event "Oberliga Wuerttemberg 9495"]
[Site "Wuerttemberg"]
[Date "1995.??.??"]
[Round "?"]
[White "Ganter, Thomas"]
[Black "Stobik, Dietrich"]
[Result "1-0"]
[WhiteElo "2275"]
[BlackElo "2310"]
[PlyCount "109"]
[EventDate "1994.10.??"]
[EventType "team"]
[EventRounds "9"]
[EventCountry "GER"]
[SourceTitle "GER"]
[Source "ChessBase"]
[SourceDate "1999.07.01"]
[SourceVersion "1"]
[SourceVersionDate "1999.07.01"]
[SourceQuality "1"]

1. d4 Nf6 2. Nf3 e6 3. Bg5 c5 4. e3 h6 5. Bh4 b6 6. Nbd2 Be7 7. Bd3 Ba6 8. Bxa6 Nxa6 9. 0-0 Qc8 10. c3 Qb7 11. Qe2 0-0 12. e4 cxd4 13. cxd4 d6 14. a3 Rac8 15. e5 Nd5 16. Bxe7 Nxe7 17. Ne4 Nf5 18. g4 d5 19. Nc3 Ne7 20. Nb5 Qc6 21. Nd6 Qc2 22. Qxa6 Qg6 23. h3 Rc2 24. Nh4 Qg5 25. Qd3 Rxb2 26. Nf3 Qf4 27. Qe3 Ng6 28. Rfb1 Rc2 29. Rc1 Rb2 30. Rab1 Ra2 31. Rb3 f6 32. Rc8 fxe5 33. Rxf8+ Qxf8 34. dxe5 Nf4 35. Kh2 Re2 36. Qd4 Rc2 37. Qe3 Re2 38. Qd4 Rc2 39. Ne1 Re2 40. Rf3 g5 41. Ng2 Qg7 42. Nxf4 gxf4 43. Qxf4 Qxe5 44. Qxe5 Rxe5 45. Nc8 Re2 46. Kg3 d4 47. Nxa7 e5 48. Rd3 Kf7 49. f4 Ke6 50. fxe5 Kd5 51. Nb5 Kc4 52. Nxd4 Rxe5 53. Nf3 Ra5 54. Re3 Ra7 55. h4 1-0

[Event "BL2-Sued 9394"]
[Site "Germany"]
[Date "1994.??.??"]
[Round "?.1"]
[White "Bachmayr, Peter"]
[Black "Stobik, Dietrich"]
[Result "0-1"]
[WhiteElo "2270"]
[BlackElo "2310"]
[PlyCount "76"]
[EventDate "1993.10.??"]
[EventType "team-tourn"]
[EventRounds "9"]
[EventCountry "GER"]
[SourceTitle "GER-chT2"]
[Source "ChessBase"]
[SourceDate "1999.07.01"]
[SourceVersion "1"]
[SourceVersionDate "1999.07.01"]
[SourceQuality "1"]
[WhiteTeam "Bayern Muenchen II"]
[BlackTeam "Stuttgart"]
[WhiteTeamCountry "GER"]
[BlackTeamCountry "GER"]

1. d4 Nf6 2. Nf3 e6 3. c4 Bb4+ 4. Nbd2 0-0 5. e3 d5 6. Bd3 dxc4 7. Bxc4 b6 8. 0-0 Bb7 9. Qe2 Ne4 10. Nxe4 Bxe4 11. Bd2 Bd6 12. Bc3 Nd7 13. Nd2 Bd5 14. e4 Bb7 15. e5 Be7 16. Rad1 a6 17. a4 Re8 18. f4 Nf8 19. f5 Bd5 20. Bxd5 exd5 21. Qg4 Nd7 22. f6 Bf8 23. Nf3 g6 24. Rd3 c5 25. Ng5 cxd4 26. e6 Ne5 27. Qh3 h6 28. Bxd4 hxg5 29. Bxe5 Rxe6 30. Bd4 Bc5 31. Qh6 Rxf6 32. Rfd1 Bxd4+ 33. Rxd4 Rf5 34. Qh3 Qe7 35. Qd3 Re8 36. h3 Qe2 37. Rd2 Qe1+ 38. Kh2 Re3 0-1

[Event "BL2-Sued 9394"]
[Site "Germany"]
[Date "1994.??.??"]
[Round "?.1"]
[White "Schulze, Ulrich"]
[Black "Stobik, Dietrich"]
[Result "1-0"]
[WhiteElo "2410"]
[BlackElo "2310"]
[PlyCount "55"]
[EventDate "1993.10.??"]
[EventType "team-tourn"]
[EventRounds "9"]
[EventCountry "GER"]
[SourceTitle "GER-chT2"]
[Source "ChessBase"]
[SourceDate "1999.07.01"]
[SourceVersion "1"]
[SourceVersionDate "1999.07.01"]
[SourceQuality "1"]
[WhiteTeam "Eppingen"]
[BlackTeam "Stuttgart"]
[WhiteTeamCountry "GER"]
[BlackTeamCountry "GER"]

1. Nf3 Nf6 2. g3 b6 3. Bg2 Bb7 4. c4 e6 5. 0-0 c5 6. Nc3 Be7 7. d4 cxd4 8. Qxd4 Nc6 9. Qf4 0-0 10. Rd1 a6 11. Ng5 Rc8 12. Nge4 Nxe4 13. Nxe4 Nb8 14. Be3 f5 15. Nf6+ Bxf6 16. Bxb7 g5 17. Qd6 Rxc4 18. Bd5 Qc7 19. Bxc4 Qxc4 20. Qd2 h6 21. Bxb6 d5 22. b3 Qg4 23. Bd4 Nd7 24. Rac1 f4 25. Rc7 fxg3 26. hxg3 Ne5 27. Qc2 Rf7 28. Bxe5 1-0

[Event "BL2-Sued 9293"]
[Site "Germany"]
[Date "1993.??.??"]
[Round "?.8"]
[White "Nazarko, Shpetim"]
[Black "Stobik, Dietrich"]
[Result "1/2-1/2"]
[WhiteElo "2350"]
[BlackElo "2310"]
[PlyCount "93"]
[EventDate "1992.10.??"]
[EventType "team-tourn"]
[EventRounds "9"]
[EventCountry "GER"]
[SourceTitle "GER-chT2"]
[Source "ChessBase"]
[SourceDate "1999.07.01"]
[SourceVersion "1"]
[SourceVersionDate "1999.07.01"]
[SourceQuality "1"]
[WhiteTeam "Saarbruecken"]
[BlackTeam "Stuttgart"]
[WhiteTeamCountry "GER"]
[BlackTeamCountry "GER"]

1. Nf3 Nf6 2. c4 c6 3. d4 d5 4. e3 Bf5 5. cxd5 Nxd5 6. Nc3 e6 7. Bd3 Bb4 8. 0-0 Bg4 9. Bd2 Be7 10. Rc1 Nd7 11. e4 Nb4 12. Bb1 e5 13. Be3 Bf6 14. d5 0-0 15. a3 Na6 16. b4 c5 17. b5 Nc7 18. h3 Bxf3 19. Qxf3 Ne8 20. Nd1 Nd6 21. Qe2 Qa5 22. Bxc5 Nxc5 23. Rxc5 Rac8 24. Rxc8 Rxc8 25. Bd3 Qxa3 26. Ne3 Rc3 27. Rd1 Qc5 28. Ng4 Kf8 29. h4 Rc1 30. Nxf6 gxf6 31. Rxc1 Qxc1+ 32. Kh2 f5 33. exf5 e4 34. Bc2 Qf4+ 35. g3 Qxf5 36. Bb3 Qf3 37. Bd1 Qxe2 38. Bxe2 Ke7 39. g4 Kf6 40. Kg3 Ke5 41. g5 Kxd5 42. Kf4 Ke6 43. Bg4+ Ke7 44. Ke5 a5 45. bxa6 bxa6 46. Bd1 a5 47. Bc2 1/2-1/2

[Event "Oberliga Wuerttemberg 9293"]
[Site "Wuerttemberg"]
[Date "1993.??.??"]
[Round "?"]
[White "Stobik, Dietrich"]
[Black "Oesterle, Peter"]
[Result "1/2-1/2"]
[WhiteElo "2310"]
[BlackElo "2375"]
[PlyCount "57"]
[EventDate "1992.10.??"]
[EventType "team"]
[EventRounds "9"]
[EventCountry "GER"]
[SourceTitle "GER"]
[Source "ChessBase"]
[SourceDate "1999.07.01"]
[SourceVersion "1"]
[SourceVersionDate "1999.07.01"]
[SourceQuality "1"]

1. c4 c5 2. Nc3 Nf6 3. Nf3 e6 4. g3 b6 5. Bg2 Bb7 6. 0-0 d6 7. d4 cxd4 8. Nxd4 Bxg2 9. Kxg2 a6 10. b3 Qc7 11. Bb2 Be7 12. e4 Nbd7 13. Qe2 0-0 14. Rfe1 Qb7 15. Rad1 Nc5 16. Qf3 Nfd7 17. Kg1 Rac8 18. Qe3 Nf6 19. Qf3 Rfd8 20. h3 Qc7 21. Qe3 h6 22. Kg2 Qb7 23. Qf3 Nfd7 24. Kh2 Qc7 25. Qg4 Nf6 26. Qe2 Ncd7 27. Nc2 Nc5 28. Nd4 Ncd7 29. Nc2 1/2-1/2

[Event "Oberliga Wuerttemberg 9192"]
[Site "Wuerttemberg"]
[Date "1992.??.??"]
[Round "?"]
[White "Unrath, Heiko"]
[Black "Stobik, Dietrich"]
[Result "1-0"]
[WhiteElo "2320"]
[BlackElo "2310"]
[PlyCount "127"]
[EventDate "1991.10.??"]
[EventType "team"]
[EventRounds "9"]
[EventCountry "GER"]
[SourceTitle "GER"]
[Source "ChessBase"]
[SourceDate "1999.07.01"]
[SourceVersion "1"]
[SourceVersionDate "1999.07.01"]
[SourceQuality "1"]

1. d4 Nf6 2. Nf3 e6 3. c4 b6 4. g3 Ba6 5. Qa4 Bb7 6. Bg2 Be7 7. 0-0 0-0 8. Nc3 Ne4 9. Rd1 Nxc3 10. bxc3 Qc8 11. Qc2 f5 12. d5 Bf6 13. Bg5 Na6 14. e4 fxe4 15. Qxe4 Nc5 16. Qc2 Qe8 17. Bxf6 Rxf6 18. Ng5 Qg6 19. Ne4 Rff8 20. Qe2 Nxe4 21. Bxe4 Qf6 22. Rd3 Rae8 23. Re3 e5 24. f4 d6 25. Rf1 g6 26. Bg2 Qg7 27. Bh3 Bc8 28. Bxc8 Rxc8 29. fxe5 Rxf1+ 30. Kxf1 dxe5 31. Rxe5 Rf8+ 32. Kg2 Qf6 33. Re7 Rf7 34. Re8+ Kg7 35. Qe5 Qxe5 36. Rxe5 c6 37. c5 cxd5 38. Rxd5 Rc7 39. cxb6 axb6 40. Rd3 Ra7 41. Rd2 Ra3 42. Rc2 Kf6 43. Kf3 Ke5 44. Ke3 b5 45. Kd2 h5 46. Kc1 Ke4 47. Kb2 Ra4 48. Kb3 Rc4 49. Rd2 Rc6 50. Rd4+ Ke5 51. Kb4 g5 52. Kxb5 Rxc3 53. Rd2 h4 54. gxh4 gxh4 55. a4 Rb3+ 56. Ka6 Ke4 57. a5 h3 58. Ka7 Rb5 59. a6 Rg5 60. Kb6 Rg2 61. a7 Rxd2 62. a8Q+ Ke3 63. Qe8+ Kf2 64. Qg6 1-0

[Event "Wuerttemberg-ch"]
[Site "Zell"]
[Date "1991.??.??"]
[Round "7"]
[White "Kindl, Peter"]
[Black "Stobik, Dietrich"]
[Result "1-0"]
[WhiteElo "2315"]
[BlackElo "2245"]
[PlyCount "31"]
[EventDate "1991.??.??"]
[EventType "swiss"]
[EventRounds "9"]
[EventCountry "GER"]
[SourceTitle "GER"]
[Source "ChessBase"]
[SourceDate "1999.07.01"]
[SourceVersion "1"]
[SourceVersionDate "1999.07.01"]
[SourceQuality "1"]

1. d4 Nf6 2. Nf3 e6 3. Bg5 h6 4. Bh4 c5 5. e3 b6 6. Bd3 Be7 7. 0-0 Bb7 8. Nbd2 d6 9. c3 Nbd7 10. h3 Nh5 11. Nc4 Nb8 12. Bxe7 Qxe7 13. dxc5 dxc5 14. Nfe5 Nf6 15. Nd6+ Kf8 16. Ndxf7 1-0

[Event "Sankt Augustin"]
[Site "Sankt Augustin"]
[Date "1990.??.??"]
[Round "6"]
[White "Meyer, Peter"]
[Black "Stobik, Dietrich"]
[Result "1-0"]
[WhiteElo "2330"]
[BlackElo "2225"]
[PlyCount "59"]
[EventDate "1990.??.??"]
[EventType "tourn"]
[EventRounds "11"]
[EventCountry "GER"]
[EventCategory "4"]
[SourceTitle "CBM 020 Extra"]
[Source "ChessBase"]
[SourceDate "1991.03.01"]
[SourceVersion "1"]
[SourceVersionDate "1991.03.01"]
[SourceQuality "1"]

1. Nf3 Nf6 2. c4 e6 3. g3 b6 4. Bg2 Bb7 5. 0-0 Be7 6. Nc3 c5 7. d4 cxd4 8. Qxd4 Nc6 9. Qf4 Qb8 10. Rd1 0-0 11. e4 d6 12. b3 Nb4 13. Ne1 Bc6 14. Qd2 Rd8 15. Qe2 a5 16. Bb2 Qb7 17. Nc2 Nxc2 18. Qxc2 Rac8 19. Qe2 Bf8 20. Rd2 Nd7 21. Rad1 Nc5 22. f4 Be7 23. f5 Bg5 24. Rxd6 Rxd6 25. Rxd6 Qe7 26. e5 Bxg2 27. Kxg2 exf5 28. h4 Bh6 29. Nd5 Qe8 30. Rxh6 1-0

[Event "BL2-Sued 8990"]
[Site "Germany"]
[Date "1990.??.??"]
[Round "?.6"]
[White "Schlenker, Rainer"]
[Black "Stobik, Dietrich"]
[Result "1/2-1/2"]
[WhiteElo "2260"]
[BlackElo "2225"]
[PlyCount "60"]
[EventDate "1989.10.??"]
[EventType "team-tourn"]
[EventRounds "9"]
[EventCountry "GER"]
[SourceTitle "GER-chT2"]
[Source "ChessBase"]
[SourceDate "1999.07.01"]
[SourceVersion "1"]
[SourceVersionDate "1999.07.01"]
[SourceQuality "1"]
[WhiteTeam "Tuebingen"]
[BlackTeam "Stuttgart"]
[WhiteTeamCountry "GER"]
[BlackTeamCountry "GER"]

1. e4 c6 2. Bc4 d5 3. Bb3 dxe4 4. Qh5 g6 5. Qh4 Nf6 6. f3 Qb6 7. Nc3 Bg7 8. fxe4 0-0 9. Nf3 Ng4 10. h3 Ne5 11. Nxe5 Bxe5 12. d3 Qc7 13. Ne2 a5 14. a3 a4 15. Ba2 Bf6 16. Qf2 Bg7 17. 0-0 Be6 18. Bf4 Qd7 19. Bxe6 Qxe6 20. c3 Qd7 21. d4 Na6 22. Qh4 Nc7 23. Rf3 Ra5 24. Raf1 Ne6 25. Bc1 Nd8 26. Ng3 e5 27. dxe5 Rxe5 28. Bg5 Rb5 29. R3f2 Ne6 30. Bh6 g5 1/2-1/2

[Event "Lugano op"]
[Site "Lugano"]
[Date "1989.03.10"]
[Round "8"]
[White "Stobik, Dietrich"]
[Black "Welling, Gerard J"]
[Result "0-1"]
[WhiteElo "2235"]
[BlackElo "2345"]
[PlyCount "88"]
[EventDate "1989.03.03"]
[EventType "swiss"]
[EventRounds "9"]
[EventCountry "SUI"]
[SourceTitle "TD"]
[Source "ChessBase"]
[SourceDate "1994.03.01"]
[SourceVersion "1"]
[SourceVersionDate "1994.03.01"]
[SourceQuality "1"]

1. e4 e5 2. Nf3 Nc6 3. Bb5 a6 4. Ba4 d6 5. Nc3 Bd7 6. d3 g6 7. Bg5 f6 8. Be3 Nge7 9. a3 Na5 10. Bxd7+ Qxd7 11. Nd5 Bg7 12. d4 Nxd5 13. exd5 Nc4 14. Qe2 Qb5 15. dxe5 dxe5 16. 0-0 Qxd5 17. Rad1 Qc6 18. Bc1 0-0 19. b3 Nd6 20. h4 Rfd8 21. Bb2 Qe4 22. Qd2 Nf7 23. Qc3 c6 24. Rde1 Qg4 25. Qe3 Rd7 26. Bc3 Bh6 27. Qe2 Rd5 28. g3 Rad8 29. Nh2 Qxe2 30. Rxe2 f5 31. g4 Bf4 32. gxf5 gxf5 33. Nf3 R8d6 34. Rfe1 e4 35. Kh1 Nh6 36. Ng1 Rg6 37. Nh3 Rg4 38. Bf6 Bd6 39. f3 exf3 40. Re8+ Kf7 41. Bg5 Ng8 42. R8e6 Rg3 43. Nf2 Rg2 44. c4 Rd4 0-1

[Event "Lugano op"]
[Site "Lugano"]
[Date "1989.03.04"]
[Round "2"]
[White "Stobik, Dietrich"]
[Black "Prie, Eric"]
[Result "0-1"]
[WhiteElo "2235"]
[BlackElo "2335"]
[PlyCount "36"]
[EventDate "1989.03.03"]
[EventType "swiss"]
[EventRounds "9"]
[EventCountry "SUI"]
[SourceTitle "TD"]
[Source "ChessBase"]
[SourceDate "1994.03.01"]
[SourceVersion "1"]
[SourceVersionDate "1994.03.01"]
[SourceQuality "1"]

1. e4 e6 2. d4 d5 3. Nc3 Nc6 4. Bb5 a6 5. Bxc6+ bxc6 6. Nge2 Nf6 7. Ng3 c5 8. Be3 cxd4 9. Bxd4 dxe4 10. Ngxe4 Nxe4 11. Nxe4 Bb7 12. f3 Bxe4 13. fxe4 Qh4+ 14. g3 Qxe4+ 15. Kf2 0-0-0 16. c3 e5 17. Qh5 exd4 18. Rhe1 g6 0-1

[Event "Lugano op"]
[Site "Lugano"]
[Date "1989.03.03"]
[Round "1"]
[White "Grynszpan, Mariano"]
[Black "Stobik, Dietrich"]
[Result "1-0"]
[WhiteElo "2390"]
[BlackElo "2235"]
[PlyCount "71"]
[EventDate "1989.03.03"]
[EventType "swiss"]
[EventRounds "9"]
[EventCountry "SUI"]
[SourceTitle "TD"]
[Source "ChessBase"]
[SourceDate "1994.03.01"]
[SourceVersion "1"]
[SourceVersionDate "1994.03.01"]
[SourceQuality "1"]

1. d4 Nf6 2. c4 e6 3. Nc3 Bb4 4. e3 Nc6 5. Qc2 d5 6. Nf3 0-0 7. a3 Bxc3+ 8. Qxc3 Re8 9. Bd3 dxc4 10. Bxc4 Nd5 11. Qc2 e5 12. dxe5 Nxe5 13. Be2 Qf6 14. 0-0 c6 15. Nxe5 Qxe5 16. Bd3 h6 17. Bd2 Nf6 18. Bc3 Qe7 19. b4 Be6 20. e4 Rad8 21. Rad1 Nd7 22. f4 f6 23. Rfe1 Qf7 24. Qf2 Bc4 25. Bb1 Nb6 26. Bd4 Bb3 27. Rd3 Kh8 28. e5 fxe5 29. Bxe5 Bd5 30. Rg3 Rxe5 31. Rxe5 Nc4 32. Qc2 g5 33. Rf5 Qe7 34. Qc3+ Qg7 35. Qxg7+ Kxg7 36. fxg5 1-0

[Event "BL2-Sued 8889"]
[Site "Germany"]
[Date "1989.??.??"]
[Round "?.2"]
[White "Stobik, Dietrich"]
[Black "Saacke, Bernd"]
[Result "1-0"]
[WhiteElo "2235"]
[BlackElo "2300"]
[PlyCount "81"]
[EventDate "1988.10.??"]
[EventType "team-tourn"]
[EventRounds "9"]
[EventCountry "GER"]
[SourceTitle "GER-chT2"]
[Source "ChessBase"]
[SourceDate "1999.07.01"]
[SourceVersion "1"]
[SourceVersionDate "1999.07.01"]
[SourceQuality "1"]
[WhiteTeam "Stuttgart"]
[BlackTeam "Bayern Muenchen II"]
[WhiteTeamCountry "GER"]
[BlackTeamCountry "GER"]

1. e4 e6 2. d4 d5 3. Nc3 Bb4 4. Nge2 Nc6 5. e5 Bd7 6. Nf4 Qe7 7. Qd3 f6 8. exf6 Nxf6 9. Bd2 0-0 10. 0-0-0 Bxc3 11. Qxc3 Ne4 12. Qe3 Qf6 13. g3 Nxd4 14. Bb4 Nf5 15. Qe2 c5 16. Bg2 Nd4 17. Qe3 Nf5 18. Qe2 Nxf2 19. Bc3 d4 20. Qxf2 dxc3 21. Rxd7 cxb2+ 22. Kb1 Nd4 23. c3 e5 24. cxd4 exf4 25. Qxf4 Qa6 26. Bd5+ Kh8 27. Rf7 Qd3+ 28. Kxb2 Rfe8 29. Re1 Red8 30. Bb3 cxd4 31. Rd1 Qc3+ 32. Kb1 d3 33. Qc4 Qa5 34. Qc7 Qg5 35. Qf4 Qg6 36. Qf5 Qa6 37. Rf1 Qd6 38. Qg5 Qd4 39. Qe7 h6 40. R1f4 Qc3 41. Rf8+ 1-0

[Event "BL2-Sued 8990"]
[Site "Germany"]
[Date "1989.??.??"]
[Round "?.7"]
[White "Stobik, Dietrich"]
[Black "Strobel, Walter"]
[Result "1/2-1/2"]
[WhiteElo "2225"]
[BlackElo "2275"]
[PlyCount "55"]
[EventDate "1989.10.??"]
[EventType "team-tourn"]
[EventRounds "9"]
[EventCountry "GER"]
[SourceTitle "GER-chT2"]
[Source "ChessBase"]
[SourceDate "1999.07.01"]
[SourceVersion "1"]
[SourceVersionDate "1999.07.01"]
[SourceQuality "1"]
[WhiteTeam "Stuttgart"]
[BlackTeam "Erlangen"]
[WhiteTeamCountry "GER"]
[BlackTeamCountry "GER"]

1. d4 b6 2. c4 Bb7 3. Nc3 f5 4. Nf3 Nf6 5. g3 g6 6. Bg2 Bg7 7. 0-0 0-0 8. d5 c6 9. Be3 Na6 10. Qb3 c5 11. Rad1 Qc8 12. Bg5 Nc7 13. Bxf6 Bxf6 14. e4 d6 15. Bh3 Ne8 16. Rde1 Rf7 17. e5 dxe5 18. Nxe5 Bxe5 19. Rxe5 Nd6 20. Rfe1 Qd7 21. Ne4 Ba6 22. Nxd6 exd6 23. Re6 Raf8 24. Qc3 Qd8 25. b3 Bc8 26. R6e2 Bd7 27. f4 Qf6 28. Qxf6 1/2-1/2